All Scottish Cup Winners and Finalists - Statistics

General Stats
  • This quiz has been taken 20 times
  • The average score is 17 of 34
Answer Stats
Times Won Answer % Correct
8 Aberdeen
100%
41 Celtic
100%
34 Rangers
100%
1 Dundee
94%
8 Hearts
94%
3 Hibs
81%
2 St Johnstone
75%
2 Dundee United
69%
2 Falkirk
69%
3 Kilmarnock
69%
2 Motherwell
69%
1 Partick Thistle
69%
10 Queen's Park
69%
Finalist Raith Rovers
69%
3 St Mirren
69%
1 Dumbarton
56%
2 Dunfermline
56%
Finalist Ross County
56%
3 Clyde
50%
1 East Fife
44%
1 Greenock Morton
44%
Finalist Gretna
44%
Finalist Hamilton
38%
1 Inverness Caledonian Thistle
38%
2 Third Lanark
31%
Finalist Queen of the South
25%
1 Airdrieonians
19%
Finalist Albion Rovers
19%
3 Vale of Leven
13%
Finalist Cambuslang
0%
Finalist Clydesdale
0%
2 Renton
0%
1 St Bernard's
0%
Finalist Thornliebank
0%
No matching quizzes found
Score Distribution
Percent of People with Each Score
Percentile by Number Answered
Your Score History
You have not taken this quiz